| 000 | 00935cam a2200253 4500 | ||
|---|---|---|---|
| 001 | ABS65683 | ||
| 008 | 020731n2002 000 0 eng u | ||
| 035 | _a(Sirsi) u119130 | ||
| 245 | _aContracts league | ||
| 260 | _c2002 | ||
| 490 |
_aConstruction News _v(6775) 18 July 2002, 14-15(2) |
||
| 520 | _aRankings for the period July 2001 - June 2002. Includes top 10 contractors by region; top 20 clients in June 2002; top 40 contractors in June 2002; top 40 contractors July 2001 - June 2002; monthly top 20 civil engineers and clients; top 15 architects, quantity surveyors and consulting engineers. | ||
| 590 | _aABS | ||
| 650 |
_aContracts _96232 |
||
| 650 | _aBUILDING CONTRACTORS | ||
| 650 | _aCLIENTS | ||
| 650 | _aCIVIL ENGINEERS | ||
| 650 | _aQUANTITY SURVEYORS | ||
| 650 | _aCONSULTING ENGINEERS | ||
| 650 | _aARCHITECTS | ||
| 650 | _aRANKINGS | ||
| 690 | _aBUILT ENVIRONMENT-CONSTRUCTION MARKET | ||
| 942 | _n0 | ||
| 999 |
_c70863 _d70863 |
||